000 02224nam a2200337Ia 4500
999 _c53847
_d53847
001 20898
003 GE_BSU
005 20210614172343.0
008 181216s2017||||ge |||||||||||||| ||geo||
020 _a9789941947841
040 _cGE_BSU
041 _ageo
080 _a347.95 (082) ქ-88
100 _aქურდაძე, შალვა
_99257
245 _aსამოქალაქო სააღსრულებო სამართალი :
_bპრინციპები, სუბიექტები, ძირითადი ეტაპები პრაქტიკოსი იურისტებისათვის /
_cშალვა ქურდაძე, გიორგი ქურდაძე,ნინო ხუნაშვილი ; მთავარი რედაქტორი რომან შენგელია ; რედაქტორი ზურაბ ჭყონია.
264 _aთბილისი :
_bბონა კაუზა,
_c2017.
300 _a180 გვ. ;
_e19 სმ.
490 _aიურისტის ბიბლიოთეკა
541 _h14ლ.50თ.
653 _aსამართალი
653 _aსამოქალაქო სააღსრულებო სამართლის პრინციპები
653 _aსამოქალაქო სააღსრულებო სამართლის საერთაშორისო პრინციპები
653 _aზოგადი დებულებები
653 _aსამართლის უზენაესობა
653 _aსამოქალაქო სამართალი
700 _aქურდაძე, გიორგი
_eავტორი
_912043
700 _aხუნაშვილი, ნინო
_eავტორი
_911896
700 _aშენგელია, რომან
_eმთავარი რედაქტორი
_9909
700 _aჭყონია, ზურაბ
_eრედაქტორი
_93269
942 _cBK
_2udc